|
|
|
|
| LEADER |
00000nab a2200000 a 4500 |
| 001 |
vtls000716547 |
| 003 |
SK-MaSNL |
| 005 |
20260304125129.0 |
| 008 |
250429c2000 xo 0 slo |
| 015 |
|
|
|a SNBRB2000/03-08769
|
| 035 |
|
|
|a CLN000068714
|
| 035 |
|
|
|a urn:nbn:sk:snk-abd3kd
|
| 035 |
|
|
|a (urnnbn)urn:nbn:sk:snk:ar-004dmu
|
| 035 |
|
|
|a (uuid)8ca6a182-7def-4aa5-a1b6-7cc12c44e486
|
| 040 |
|
|
|a SNKBUCL
|b slo
|c SNKBUCL
|e AACR2
|
| 041 |
0 |
|
|a slo
|
| 044 |
|
|
|a xo
|c SK
|
| 080 |
|
|
|a 262.1(437.6)
|2 1997
|
| 080 |
|
|
|a 356.3(437.6):262.1
|2 1997
|
| 100 |
1 |
|
|a Ujlacký, Tibor
|4 aut
|9 16435
|
| 245 |
1 |
0 |
|a Duchovná služba v Armáde Slovenskej republiky
|c Tibor Ujlacký
|
| 300 |
|
|
|b Obr.
|
| 610 |
1 |
7 |
|a Slovensko.
|b Armáda
|2 snkbucl
|9 116379
|
| 650 |
0 |
7 |
|a duchovná služba v armáde
|2 snkbucl
|9 15408
|
| 650 |
0 |
7 |
|a vojenskí duchovní
|2 snkbucl
|9 103870
|
| 650 |
0 |
7 |
|a služba náboženská
|2 snkbucl
|9 1245177
|
| 655 |
|
7 |
|a články z novín a časopisov
|2 snkbucl
|9 267496
|
| 773 |
0 |
|
|t Slovo : časopis gréckokatolíckej cirkvi
|g Roč. 32, č. 2 (2000), s. 10-11
|
| 850 |
|
|
|a Slovenská národná knižnica
|
| 852 |
|
|
|a Slovenská národná knižnica
|
| 954 |
|
|
|a odborná, vedecká literatúra pôvodná (slovenská)
|2 lita
|
| 958 |
|
|
|a article17
|
| 958 |
|
|
|a SK
|
| 958 |
|
|
|a OND
|
| 958 |
|
|
|a EUIPO
|
| 992 |
|
|
|a RBX
|
| 999 |
|
|
|c 2893213
|d 2895143
|